000 00534 a2200157 4500
020 _a8126102667
020 _a9788126102662
090 _c2998
_d2998
245 0 0 _aProject management.
260 _a[S.l.] :
_bAnmol Publications Pvt. Ltd.,
_c1999.
300 _a1 v. (unpaged)
500 _aUnknown Binding.
856 4 0 _3Amazon.com
_uhttp://www.amazon.com/exec/obidos/ASIN/8126102667/chopaconline-20
856 4 0 _3Amazon customer reviews
_uhttp://www.chopac.org/cgi-bin/tools/azrev.pl?q=8126102667
942 _aNBS
_cBK
_k658.404 SIN
999 _c345488
_d345488